00506nam a2200157 a 45000010005000000030005000050050017000100080041000270200015000680400026000831000022001092450110001312600040002412600048002814900019003291702CDMR20130308125305.0130130s2003||||||||||||||||||||||||||||d a8493038490 aCDMRbcatcCPC GIRONA1 aLuzón, Virginia10aInternet, l'eina inevitableb: periodistes, mitjans i missatges en la xarxacVirginia Luzón Fernández bDiputació de BarcelonaaBarcelona c2003bCol·legi de Periodistes de Catalunya0 aOnes i bitsv4